000 00292nam a22001337a 4500
008 171018b xxu||||| |||| 00| 0 eng d
020 _a9780887306983
041 _aeng
080 _a338
100 _a53
101 _aMEN
245 _aREENGINEERING MANAGEMENT
_cCHAMPY,J
942 _2udc
_cBK
999 _c34766
_d34766